Statistics for NBA Teams With The Most Championships

Click here to take the quiz!

General Stats

  • This quiz has been taken 91 times
  • The average score is 10 of 11

Answer Stats

# of ChampionshopsTeam% Correct
17Celtics
100%
17Lakers
100%
7Warriors
96%
5Spurs
94%
6Bulls
92%
3Heat
92%
3Pistons
86%
2Rockets
78%
2Bucks
77%
376ers
75%
2Knicks
73%

Score Distribution

Percentile by Number Answered

Percent of People with Each Score

Your Score History

You have not taken this quiz